[Event "Tourn. n10147"]
[Site "www.echecsemail.com"]
[Date "2019.07.21"]
[Round "1"]
[White "Nevaeh"]
[Black "Coolant"]
[WhiteElo "2840"]
[BlackElo "2380"]
[Result "1-0"]
[Round "1"]
1.e4 c5
2.Ng1f3 e6
3.d4 cxd4
4.Nf3xd4 a6
5.Bf1d3 Ng8f6
6.O-O Qd8c7
7.Qd1e2 Nb8c6
8.Nd4xc6 bxc6
9.e5 Nf6d5
10.a3 Bf8c5
11.c4 Nd5e7
12.b4 Bc5d4
13.Bc1b2 Bd4xb2
14.Qe2xb2 O-O
15.Nb1d2 d5
16.Nd2b3 f5
17.Rf1e1 Bc8d7
18.Ra1c1 Qc7a7
19.cxd5 cxd5
20.Nb3c5 Bd7c8
21.f4 Ne7g6
22.Qb2f2 Rf8f7
23.h4 Ng6f8
24.Nc5b3 Qa7xf2
25.Kxf2 Bc8b7
26.Nb3d4 Rf7d7
27.Rc1c5 Kf7
28.Re1c1 Ke7
29.b5 Kd8
30.b6 Ra8c8
31.Rc5xc8 Bb7xc8
32.Nd4c6 Ke8
33.Nc6b8 Rd7d8
34.Bd3xa6 Bc8d7
35.Nb8c6 Bd7xc6
36.Rc1xc6 Ke7
37.b7 Nf8d7
38.Rc6c7 { resign }
1-0

[Event "Tourn. n10160"]
[Site "www.echecsemail.com"]
[Date "2019.07.21"]
[Round "1"]
[White "Add"]
[Black "Francesco"]
[WhiteElo "2050"]
[BlackElo "2190"]
[Result "1-0"]
[Round "1"]
1.e4 c6
2.d4 d5
3.e5 Bc8f5
4.Nb1c3 e6
5.Ng1f3 Nb8d7
6.a3 c5
7.Bc1e3 cxd4
8.Be3xd4 Bf8c5
9.Nc3b5 Ng8e7
10.Bd4xc5 Nd7xc5
11.Nb5d6 Kf8
12.Nf3g5 Bf5g6
13.b4 Nc5d7
14.Nd6xb7 Qd8b6
15.Nb7c5 Nd7xc5
16.bxc5 Qb6xc5
17.Qd1d2 Qc5xc2
18.Qd2xc2 Bg6xc2
19.Bf1e2 h6
20.Ng5f3 g5
21.O-O Kg7
22.Nf3d4 Rh8c8
23.f4 Ne7f5
24.Nd4xf5 Bc2xf5
25.fxg5 hxg5
26.a4 Rc8c2
27.Rf1f2 Ra8b8
28.Be2b5 Rc2xf2
29.Kxf2 Kg6
30.Ra1c1 Rb8b7
31.h3 g4
32.hxg4 Bf5xg4
33.Ke3 Bg4f5
34.Kf3 Kg5
35.Rc1c8 Bf5e4
36.Ke3 Kg4
37.Rc8c1 Kg3
38.Rc1c8 Kxg2
39.Kf4 Kf2
40.Rc8c1 Be4g6
41.Rc1f1 Kg2
42.Rf1c1 Bg6e4
43.Rc1c3 Be4f5
44.Rc3g3 Kh2
45.Rg3c3 d4
46.Rc3a3 Rb7c7
47.Bb5d3 Bf5h3
48.Ra3a2 Kg1
49.Kg3 Rc7c1
50.Kxh3 Rc1d1
51.Ra2g2 Kh1
52.Bd3e4 a5
53.Rg2g3 { resign }
1-0

[Event "Tourn. n10126"]
[Site "www.echecsemail.com"]
[Date "2019.07.21"]
[Round "1"]
[White "Ditto"]
[Black "Pariolinius"]
[WhiteElo "1830"]
[BlackElo "1870"]
[Result "1/2-1/2"]
[Round "1"]
1.d4 Ng8f6
2.c4 e5
3.d5 d6
4.Bc1g5 Bc8f5
5.Nb1c3 Nb8d7
6.e3 Bf8e7
7.Ng1f3 h6
8.Bg5h4 Nd7c5
9.b4 Nc5e4
10.Nc3xe4 Bf5xe4
11.Nf3d2 Be4h7
12.Bh4g3 O-O
13.Bf1e2 Qd8d7
14.O-O Nf6e4
15.Nd2xe4 Bh7xe4
16.f3 Be4h7
17.e4 f5
18.f4 fxe4
19.Be2g4 Qd7e8
20.fxe5 dxe5
21.Bg3xe5 Be7d6
22.Be5d4 Qe8g6
23.Bg4e6 Kh8
24.Qd1e2 Rf8f4
25.c5 Rf4xf1
26.Ra1xf1 Bd6f8
27.Be6f5 Qg6a6
28.Qe2xe4 Bh7xf5
29.Qe4xf5 Qa6xa2
30.Qf5e6 Qa2c4
31.Qe6xh6 Kg8
32.Qh6f4 Qc4xd5
33.Rf1d1 c6
34.Qf4g4 Ra8e8
35.Bd4xg7 Qd5e6
36.Bg7c3 Kf7
37.Rd1f1 Ke7
38.Rf1e1 Qe6xe1
39.Bc3xe1 Kd8
40.Be1h4 Bf8e7
41.Qg4d4 Kc8
42.Kh1 Be7xh4
43.g3 Re8e1
44.Kg2 { draw }
1/2-1/2

[Event "Tourn. n10179"]
[Site "www.echecsemail.com"]
[Date "2019.07.21"]
[Round "1"]
[White "Conde7"]
[Black "Galiany17"]
[WhiteElo "2870"]
[BlackElo "2259"]
[Result "1-0"]
[Round "1"]
1.e4 c5
2.Ng1f3 d6
3.d4 cxd4
4.Nf3xd4 Ng8f6
5.Nb1c3 a6
6.h3 e6
7.g4 h6
8.Bf1g2 Bf8e7
9.Bc1e3 Nb8c6
10.f4 Nf6d7
11.Nd4xc6 bxc6
12.Qd1d2 O-O
13.O-O a5
14.Nc3a4 Bc8a6
15.Rf1d1 Ba6b5
16.Na4c3 Bb5a6
17.b3 Nd7b6
18.h4 Qd8c7
19.g5 hxg5
20.hxg5 d5
21.Qd2f2 Rf8b8
22.Qf2h4 Be7b4
23.Be3d4 Qc7e7
24.Bg2f3 Bb4xc3
25.Bd4xc3 Nb6d7
26.Kg2 Qe7c5
27.Bc3xg7 { resign }
1-0

[Event "Tourn. n10155"]
[Site "www.echecsemail.com"]
[Date "2019.07.21"]
[Round "1"]
[White "Francesco"]
[Black "Claudia"]
[WhiteElo "2200"]
[BlackElo "2190"]
[Result "1/2-1/2"]
[Round "1"]
1.e4 c5
2.c3 d5
3.exd5 Qd8xd5
4.d4 Ng8f6
5.Ng1f3 Bc8g4
6.Bf1e2 e6
7.O-O Nb8c6
8.dxc5 Qd5xd1
9.Rf1xd1 Bf8xc5
10.h3 Bg4h5
11.Bc1g5 Bc5e7
12.g4 Bh5g6
13.Be2b5 Ra8c8
14.Bb5xc6 Rc8xc6
15.Nf3e5 Rc6d6
16.Rd1xd6 Be7xd6
17.Ne5xg6 hxg6
18.Kg2 Nf6e4
19.Bg5e3 a6
20.Nb1d2 Ne4xd2
21.Be3xd2 Ke7
22.Ra1d1 Bd6c5
{ draw }
1/2-1/2

[Event "Tourn. n10164"]
[Site "www.echecsemail.com"]
[Date "2019.07.21"]
[Round "1"]
[White "Bigrezi"]
[Black "Fantomas"]
[WhiteElo "2090"]
[BlackElo "2200"]
[Result "1-0"]
[Round "1"]
1.e4 c6
2.d4 d5
3.Nb1c3 g6
4.Ng1f3 Bf8g7
5.Bc1e3 Ng8f6
6.e5 Nf6d7
7.Bf1e2 b6
8.Qd1d2 Nd7f8
9.Be3h6 Nf8e6
10.Bh6xg7 Ne6xg7
11.Qd2h6 Ng7f5
12.Qh6d2 h6
13.O-O Bc8e6
14.Be2d3 Nf5g7
15.Ra1e1 Be6f5
16.Bd3xf5 gxf5
17.Nc3e2 e6
18.Re1c1 Nb8d7
19.c4 Ra8c8
20.cxd5 cxd5
21.Qd2b4 Rc8xc1
22.Rf1xc1 Qd8b8
23.Ne2f4 Kd8
24.Qb4d2 Nd7f8
25.Nf4d3 Nf8g6
26.a4 Kd7
27.a5 Ng6e7
28.axb6 axb6
29.b4 Ne7c6
30.b5 Nc6a5
31.Nd3c5 bxc5
32.Qd2xa5 c4
33.Qa5a4 Kc7
34.Rc1a1 Rh8d8
35.Qa4a7 Qb8b7
36.Qa7c5 { resign }
1-0

[Event "Tourn. n10037"]
[Site "www.echecsemail.com"]
[Date "2019.07.22"]
[Round "1"]
[White "Jaroslavpech"]
[Black "Drawlward"]
[WhiteElo "2590"]
[BlackElo "2670"]
[Result "1/2-1/2"]
[Round "1"]
1.e4 c5
2.Ng1f3 Nb8c6
3.d4 cxd4
4.Nf3xd4 Ng8f6
5.Nb1c3 e6
6.Nd4b5 Bf8c5
7.Bc1f4 e5
8.Bf4e3 d6
9.Be3xc5 dxc5
10.Qd1xd8 Kxd8
11.O-O-O Ke7
12.Nb5c7 Ra8b8
13.Nc7d5 Nf6xd5
14.Nc3xd5 Kf8
15.c3 Bc8e6
16.Bf1b5 a6
17.Bb5xc6 bxc6
18.Nd5c7 Ke7
19.Nc7xa6 Rb8a8
20.Na6xc5 Ra8xa2
21.Nc5xe6 Kxe6
22.Kb1 Rh8a8
23.h4 g6
24.h5 c5
25.g3 Ra2a4
26.hxg6 hxg6
27.Rh1e1 Ra4a1
28.Kc2 Ra1xd1
29.Re1xd1 f5
30.Kd3 Ra8d8
31.Ke2 Rd8b8
32.Rd1b1 c4
33.Ke3 Rb8b7
34.Rb1a1 Rb7xb2
35.Ra1a6 Kf7
36.Ra6c6 Rb2c2
37.Rc6xc4 Rc2c1
38.Kd2 Rc1f1
39.Ke2 Rf1g1
40.Rc4c6 Rg1c1
41.f4 exf4
42.exf5 fxg3
{ draw }
1/2-1/2

[Event "Tourn. n10118"]
[Site "www.echecsemail.com"]
[Date "2019.07.22"]
[Round "1"]
[White "Osopanda"]
[Black "Formargo"]
[WhiteElo "1470"]
[BlackElo "1560"]
[Result "1-0"]
[Round "1"]
1.e4 e5
2.Ng1f3 Nb8c6
3.Bf1b5 a6
4.Bb5a4 Ng8f6
5.d3 b5
6.Ba4b3 Bf8c5
7.O-O d6
8.c3 O-O
9.Bc1e3 Bc5xe3
10.fxe3 Nc6e7
11.Nb1d2 Ne7g6
12.Qd1e2 c5
13.d4 Qd8b6
14.Ra1d1 Bc8d7
15.dxe5  { time }
1-0

[Event "Tourn. n10157"]
[Site "www.echecsemail.com"]
[Date "2019.07.22"]
[Round "1"]
[White "Ranjachess"]
[Black "Argento"]
[WhiteElo "1940"]
[BlackElo "1799"]
[Result "0-1"]
[Round "1"]
1.d4 d5
2.Nb1c3 Ng8f6
3.Bc1f4 a6
4.e3 Bc8f5
5.Bf1d3 Bf5g6
6.Bd3xg6 hxg6
7.Bf4e5 e6
8.a3 c5
9.Ng1e2 Nb8c6
10.Be5xf6 Qd8xf6
11.O-O Qf6h4
12.h3 g5
13.f3 Bf8d6
14.Qd1e1 cxd4
15.Qe1xh4 Rh8xh4
16.Ne2xd4 Nc6xd4
17.exd4 Rh4xd4
18.Kf2 Rd4d2
19.Nc3e2 Rd2xc2
20.b4 Ra8c8
21.Ra1c1 Kd7
22.Rc1xc2 Rc8xc2
23.Rf1c1 Rc2xc1
24.Ne2xc1 Kc6
25.g4 Kb5
26.Nc1d3 Ka4
27.Ke2 Kxa3
28.Kd2 Bd6xb4
29.Nd3xb4 Kxb4
30.Kd3 Kc5
31.Ke3 d4
32.Kd3 Kd5
33.Kd2 Kc4
34.Kc2 d3
35.Kd2 Kd4
36.Kd1 Ke3
37.Ke1 d2
38.Kd1 Kd3
39.f4 gxf4
40.h4 f3
41.g5 f2
42.h5 f1Q

0-1

[Event "Match"]
[Site "www.echecsemail.com"]
[Date "2019.07.22"]
[Round "1"]
[White "Ketchuplover"]
[Black "Babedad"]
[WhiteElo "2010"]
[BlackElo "2270"]
[Result "0-1"]
[Round "1"]
1.g3 Ng8f6
2.d3 g6
3.Bf1g2 Bf8g7
4.Ng1f3 O-O
5.O-O d6
6.Nb1d2 Nb8d7
7.a4 Rf8e8
8.e4 e5
9.b4 c6
10.Bc1b2 Qd8b6
11.c3 Nf6h5
12.Nd2c4 Qb6c7
13.Bg2h3 Nd7b6
14.Bh3xc8 Ra8xc8
15.a5 Nb6d7
16.Qd1b3 Nh5f6
17.Nf3g5 Re8e7
18.f4 h6
19.fxe5 Nd7xe5
20.Nc4xe5 dxe5
21.Ng5h3 Qc7d7
22.Nh3f2 Rc8d8
23.d4 exd4
24.cxd4 Nf6xe4
25.Nf2xe4 Re7xe4
26.Ra1d1 Bg7xd4
27.Bb2xd4 Re4xd4
{ resign }
0-1

[Event "Tourn. n10156"]
[Site "www.echecsemail.com"]
[Date "2019.07.22"]
[Round "1"]
[White "D4minance"]
[Black "Szustan"]
[WhiteElo "2810"]
[BlackElo "2620"]
[Result "1-0"]
[Round "1"]
1.d4 d5
2.c4 dxc4
3.e4 e5
4.Ng1f3 exd4
5.Bf1xc4 Nb8c6
6.O-O Bc8e6
7.Bc4xe6 fxe6
8.Qd1b3 Qd8d7
9.Qb3xb7 Ra8b8
10.Qb7a6 Ng8f6
11.Nb1d2 Bf8d6
12.a3 O-O
13.b4 Bd6f4
14.Qa6d3 Bf4xd2
15.Bc1xd2 Nf6g4
16.h3 Ng4e5
17.Nf3xe5 Nc6xe5
18.Qd3c2 c5
19.bxc5 Qd7b5
20.f4 d3
21.Qc2a2 Ne5c4
22.Rf1c1 Qb5xc5
23.Kh2 Rb8c8
24.Rc1c3 Rf8d8
25.Ra1c1 Rd8d4
26.Bd2e3 d2
27.Rc1d1 a6
28.Qa2b3 { resign }
1-0

[Event "Tourn. n10169"]
[Site "www.echecsemail.com"]
[Date "2019.07.22"]
[Round "1"]
[White "Picifarkinca"]
[Black "Galiany17"]
[WhiteElo "1900"]
[BlackElo "1799"]
[Result "0-1"]
[Round "1"]
1.e4 e5
2.f4 exf4
3.Ng1f3 h6
4.Bf1c4 d6
5.d4 g5
6.O-O Nb8c6
7.Bc4b5 Bc8d7
8.Nb1c3 Bf8g7
9.e5 Ng8e7
10.Nc3e4 Nc6xe5
11.Bb5xd7 Ne5xd7
12.c3 O-O
13.Kh1 Nd7b6
14.b3 Ne7d5
15.c4 f5
16.Ne4f2 Nd5e3
{ resign }
0-1

[Event "Match"]
[Site "www.echecsemail.com"]
[Date "2019.07.23"]
[Round "1"]
[White "Bojan"]
[Black "Ssharp"]
[WhiteElo "2050"]
[BlackElo "2330"]
[Result "0-1"]
[Round "1"]
1.e4 e6
2.d4 d5
3.e5 c5
4.c3 Nb8c6
5.Bf1b5 Qd8b6
6.Bb5xc6 Qb6xc6
7.Bc1e3 Qc6b6
8.Qd1c2 cxd4
9.cxd4 Bc8d7
10.a4 Ra8c8
11.Qc2e2 Qb6a5
12.Nb1c3 Bf8b4
13.Be3d2 a6
14.Ng1h3 Bb4xc3
15.bxc3 Rc8c4
16.O-O Ng8e7
17.Rf1b1 Qa5c7
18.Qe2d1 b5
19.axb5 Bd7xb5
20.Ra1a2 O-O
21.Qd1c2 Rf8c8
22.Nh3g5 Ne7g6
23.g3 Qc7d8
24.f4 Rc4xd4
25.h4 h6
26.Ng5f3 Bb5d3
27.Qc2b2 Bd3xb1
28.Qb2xb1 Rd4c4
29.Kg2 a5
30.Nf3d4 Ng6e7
31.Nd4b5 Rc8b8
32.Ra2b2 Ne7f5
33.Kh3 h5
34.Nb5a3 Rb8xb2
35.Qb1xb2 Rc4e4
36.Na3b1 Re4e2
37.Qb2b5 Re2e4
38.Qb5d3 Qd8b6
39.Qd3f1 Qb6b2
40.Qf1d1 a4
41.Bd2e1 a3
42.Nb1xa3 Qb2xa3
43.Be1d2 Nf5e3
44.Qd1g1 Ne3c4
45.Qg1d1 Nc4xd2
46.Qd1xd2 Re4c4
{ resign }
0-1

[Event "Tourn. n10168"]
[Site "www.echecsemail.com"]
[Date "2019.07.23"]
[Round "1"]
[White "Fantomas"]
[Black "Apdash"]
[WhiteElo "2170"]
[BlackElo "2220"]
[Result "1-0"]
[Round "1"]
1.e4 c5
2.Ng1f3 d6
3.Bf1c4 Ng8f6
4.d3 Nb8c6
5.h3 g6
6.c3 Bf8g7
7.Bc1e3 O-O
8.a3 a6
9.Qd1c2 b5
10.Bc4a2 Bc8b7
11.Nb1d2 Ra8c8
12.O-O h6
13.Nf3h4 Kh7
14.g3 e6
15.f4 Nf6h5
16.Kh2 Bg7f6
17.Nh4g2 Nh5g7
18.Ra1e1 a5
19.g4 b4
20.Nd2f3 bxc3
21.bxc3 Nc6a7
22.c4 Qd8c7
23.Be3f2 Bb7c6
24.Bf2g3 Qc7d7
25.g5 hxg5
26.Nf3xg5 Bf6xg5
27.fxg5 Bc6a4
28.Qc2d2 Na7c6
29.Ng2e3 Nc6d4
30.Ne3g4 Ng7h5
31.Ng4f6 Nh5xf6
32.gxf6 Rf8h8
33.Ba2b1 Kg8
34.Kg2 Rc8b8
35.Rf1f4 Qd7e8
36.Rf4h4 Qe8f8
37.Rh4xh8 Kxh8
38.Bg3xd6 Rb8b2
39.Qd2xb2 Qf8xd6
40.Qb2d2 Kh7
41.Re1f1 Qd6e5
42.Qd2f2 Qe5g5
43.Kh1 e5
44.Rf1g1 Qg5f4
45.Rg1f1 g5
46.Qf2g2 Qf4h4
47.Kh2 Kg6
48.Qg2g4 Qh4xg4
49.hxg4 Ba4d7
50.Kh3 Bd7a4
51.Rf1f2 Ba4b3
52.Kg2 a4
53.Kf1 Bb3d1
54.Rf2g2 Kxf6
55.Ke1 Bd1b3
56.Kd2 Kg6
57.Kc1 Nd4f3
58.Rg2f2 Nf3d4
59.Bb1a2 Bb3xa2
60.Rf2xa2 Kf6
61.Ra2b2 Nd4b3
62.Rb2xb3 axb3
63.Kb2 Ke6
64.Kxb3 Kd6
65.Ka4 Kc6
66.Ka5 { resign }
1-0

[Event "Tourn. n10118"]
[Site "www.echecsemail.com"]
[Date "2019.07.23"]
[Round "1"]
[White "Formargo"]
[Black "Pipas"]
[WhiteElo "1560"]
[BlackElo "2029"]
[Result "0-1"]
[Round "1"]
1.e4 e5
2.f4 Qd8h4
3.g3 Qh4f6
4.fxe5 Qf6xe5
5.Nb1c3 c6
6.d4 Qe5a5
7.Ng1f3 Bf8b4
8.Bc1d2 Bb4xc3
9.Bd2xc3 Qa5c7
10.d5 Qc7d6
11.Bc3xg7 Qd6b4
12.Nf3d2 f6
13.Qd1h5 Kd8
14.O-O-O Qb4e7
15.Bg7xh8 h6
16.e5 d6
17.Qh5g6 Qe7e8
18.Bh8xf6 { time. }
0-1

[Event "Tourn. n10176"]
[Site "www.echecsemail.com"]
[Date "2019.07.23"]
[Round "1"]
[White "Galiany17"]
[Black "Bojan"]
[WhiteElo "2309"]
[BlackElo "2010"]
[Result "1-0"]
[Round "1"]
1.e4 e5
2.d4 exd4
3.c3 dxc3
4.Nb1xc3 a6
5.Ng1f3 h6
6.Bf1c4 d6
7.O-O Nb8c6
8.Bc1d2 Ng8f6
9.Qd1b3 b6
10.Bc4xf7 Ke7
11.Nc3e2 Bc8g4
12.h3 Nc6a5
13.Bd2xa5 Bg4d7
14.e5 d5
15.exf6 Kxf7
16.Nf3e5 Kxf6
17.Qb3f3 Kxe5
18.Qf3f4 Ke6
19.Ne2d4 { resign }
1-0

[Event "Tourn. n10163"]
[Site "www.echecsemail.com"]
[Date "2019.07.23"]
[Round "1"]
[White "Amaya"]
[Black "Scasan55"]
[WhiteElo "2070"]
[BlackElo "1960"]
[Result "1-0"]
[Round "1"]
1.d4 e6
2.e3 d5
3.Bf1d3 Ng8f6
4.Nb1d2 c5
5.c3 c4
6.Bd3c2 Nb8c6
7.f4 Bf8e7
8.Ng1f3 b5
9.O-O O-O
10.Nf3e5 Bc8d7
11.Qd1f3 b4
12.g4 bxc3
13.bxc3 Kh8
14.g5 Nf6g8
15.Qf3h5 g6
16.Ne5xg6 Kg7
17.Ng6xf8 Kxf8
18.Qh5xh7 Be7xg5
19.fxg5 Qd8xg5
20.Kh1 Nc6d8
21.Rf1g1 Qg5f6
22.Bc1a3 Ng8e7
23.Qh7g8 
1-0

[Event "Tourn. n10159"]
[Site "www.echecsemail.com"]
[Date "2019.07.23"]
[Round "1"]
[White "Sbb"]
[Black "Asoka"]
[WhiteElo "2760"]
[BlackElo "2750"]
[Result "1/2-1/2"]
[Round "1"]
1.d4 d5
2.c4 e6
3.Ng1f3 Ng8f6
4.g3 Bf8e7
5.Bf1g2 O-O
6.O-O dxc4
7.Qd1c2 a6
8.a4 Bc8d7
9.Qc2xc4 Bd7c6
10.Bc1f4 Be7d6
11.Qc4c1 Nb8d7
12.Nb1c3 Rf8e8
13.Rf1e1 Bc6xf3
14.Bg2xf3 Bd6xf4
15.Qc1xf4 c6
16.b4 Ra8c8
17.Ra1b1 Qd8e7
18.Nc3e4 Nf6xe4
19.Qf4xe4 Re8f8
20.e3 Nd7f6
21.Qe4c2 Rf8d8
22.Qc2c5 Qe7e8
23.Qc5a7 Rd8d7
24.b5 cxb5
25.axb5 Rc8a8
26.Qa7c5 a5
27.Rb1a1 Nf6d5
28.b6 Qe8d8
29.Ra1xa5 Ra8c8
30.Re1a1 Nd5xb6
31.Qc5b4 Nb6d5
32.Bf3xd5 exd5
33.Ra5b5 h5
34.h4 Rc8c7
35.Kg2 g6
36.Ra1a7 Qd8e8
37.Qb4b1 Qe8e7
38.Ra7a8 Kg7
39.Ra8b8 Qe7e4
{ draw }
1/2-1/2

[Event "Match"]
[Site "www.echecsemail.com"]
[Date "2019.07.24"]
[Round "1"]
[White "Joseph1983"]
[Black "Apdash"]
[WhiteElo "2230"]
[BlackElo "2220"]
[Result "1-0"]
[Round "1"]
1.e4 c5
2.c3 Nb8c6
3.d4 cxd4
4.cxd4 d6
5.Ng1f3 Bc8g4
6.Bf1e2 Ng8f6
7.Nb1c3 g6
8.O-O Bf8g7
9.Bc1e3 O-O
10.h3 Bg4xf3
11.Be2xf3 a6
12.Qd1e2 Ra8c8
13.Rf1d1 Qd8c7
14.Ra1c1 Qc7a5
15.e5 dxe5
16.dxe5 Qa5xe5
17.Nc3a4 Nf6e4
18.Na4b6 Rc8d8
19.Nb6d7 Rd8xd7
20.Rd1xd7 Rf8b8
21.Be3b6 Qe5e6
22.Rc1d1 Ne4g5
23.Qe2xe6 Ng5xe6
24.b3 Kf8
25.Bf3xc6 bxc6
26.Bb6e3 a5
27.Rd1c1 Ne6d8
28.Rd7a7 Ke8
29.Ra7xa5 e5
30.Ra5a7 Bg7f8
31.Be3g5 Nd8e6
32.Bg5f6 Bf8c5
33.Ra7a6 Rb8c8
34.Bf6xe5 Ke7
35.a3 f6
36.Be5b2 Kf7
37.b4 Bc5d4
38.Bb2xd4 Ne6xd4
39.Rc1c4 Nd4e6
40.Rc4xc6 Rc8e8
41.Ra6a7 Re8e7
42.Ra7xe7 Kxe7
43.Rc6xe6 Kxe6
44.b5 Kd5
45.a4 Kc5
46.f4 f5
47.Kf2 Kb6
48.Ke3 Kc5
49.Kd3 { resign }
1-0

[Event "Tourn. n10109"]
[Site "www.echecsemail.com"]
[Date "2019.07.24"]
[Round "1"]
[White "Dussek"]
[Black "Libiesse"]
[WhiteElo "1940"]
[BlackElo "1810"]
[Result "0-1"]
[Round "1"]
1.c4 c5
2.Nb1c3 g6
3.g3 Bf8g7
4.Bf1g2 Nb8c6
5.Ng1f3 e6
6.Ra1b1 Ng8e7
7.O-O O-O
8.d3 a6
9.Bc1f4 d6
10.Qd1c2 Qd8c7
11.Qc2d2 Bc8d7
12.Bf4h6 Ra8d8
13.Bh6xg7 Kxg7
14.a3 b6
15.Nc3a2 d5
16.cxd5 Ne7xd5
17.e4 Nd5f6
18.Rf1e1 Bd7c8
19.Qd2c3 e5
20.Qc3c2 Bc8e6
21.Na2c3 Rd8d6
22.Rb1c1 Rf8d8
23.Bg2f1 Nc6d4
24.Nf3xd4 Rd6xd4
25.Nc3e2 Rd4xd3
26.Ne2c3 Rd3d2
27.Qc2b1 Rd8d4
28.Bf1xa6 Nf6g4
29.Re1f1 Be6d7
30.Ba6b5 Qc7d8
31.Bb5xd7 Qd8xd7
32.a4 Qd7e6
33.Rc1d1 Qe6b3
34.h3 Rd2xb2
35.Qb1c1 Rb2c2
36.Qc1a1 Qb3xc3
37.hxg4 Rd4xe4
38.Qa1xc3 Rc2xc3
39.Rd1a1 Rc3b3
40.g5 Rb3b2
41.a5 bxa5
42.Ra1xa5 Rb2c2
43.Rf1d1 Re4e2
44.Rd1f1 c4
45.Ra5a1 e4
46.Ra1e1 c3
47.Re1xe2 Rc2xe2
48.Rf1c1 c2
49.Kf1 Re2d2
50.Ke1 e3
51.fxe3 Rd2g2
52.e4 Rg2xg3
53.Rc1xc2 Rg3xg5
54.Kf2 h5
55.Kf3 Rg5b5
56.Kf4 g5
57.Kg3 Kg6
58.Rc2c6 f6
59.Rc6c8 Rb5b3
60.Kf2 Rb3b7
61.Rc8g8 Rb7g7
62.Rg8f8 h4
63.Kf3 h3
64.Kg3 Rg7h7
65.Kh2 Kg7
66.Rf8d8 Rh7h4
67.Rd8d4 Kf7
68.Rd4d7 Ke6
69.Rd7d4 Ke5
70.Rd4c4 f5
{ resign }
0-1

[Event "Tourn. n10164"]
[Site "www.echecsemail.com"]
[Date "2019.07.24"]
[Round "1"]
[White "Fantomas"]
[Black "Francesco"]
[WhiteElo "2180"]
[BlackElo "2200"]
[Result "1-0"]
[Round "1"]
1.e4 c6
2.d4 d5
3.Nb1c3 dxe4
4.Nc3xe4 Bc8f5
5.Ne4g3 Bf5g6
6.Bc1f4 e6
7.Ng1f3 Bf8d6
8.Qd1d2 Ng8f6
9.Bf4g5 Nb8d7
10.Nf3h4 Qd8b6
11.c3 h6
12.Nh4xg6 fxg6
13.Bg5e3 O-O-O
14.d5 Qb6c7
15.dxc6 Qc7xc6
16.Qd2c2 g5
17.Ng3e2 Nd7b6
18.Ne2d4 Qc6d7
19.Bf1d3 Nf6g4
20.O-O-O Nb6d5
21.Rd1e1 Ng4xh2
22.Nd4xe6 Rd8e8
23.Ne6c5 Nd5xe3
24.fxe3 Bd6xc5
25.Bd3f5 Re8e6
26.Rh1xh2 Kb8
27.e4 Rh8e8
28.g3 Qd7b5
29.Bf5xe6 Re8xe6
30.Qc2e2 Qb5a4
31.Qe2d3 a6
32.Qd3d5 Re6c6
33.Rh2d2 Rc6d6
34.Qd5xc5 Rd6xd2
35.Kxd2 Qa4xa2
36.Kc2 Qa2a4
37.Kd3 Qa4d7
38.Ke3 Qd7g4
39.Qc5e5 Ka8
40.Re1f1 Ka7
41.Qe5c5 { resign }
1-0

[Event "Match"]
[Site "www.echecsemail.com"]
[Date "2019.07.24"]
[Round "1"]
[White "Ketchuplover"]
[Black "Apdash"]
[WhiteElo "2010"]
[BlackElo "2200"]
[Result "1/2-1/2"]
[Round "1"]
1.c4 c5
2.g3 d5
3.Bf1g2 Ng8f6
4.cxd5 Nf6xd5
5.Nb1c3 e6
6.Ng1f3 Nb8c6
7.O-O Bf8e7
8.b3 O-O
9.Bc1b2 a6
10.e4 Nd5b4
11.Nf3e1 Nc6e5
12.a3 Nb4d3
13.Ne1xd3 Ne5xd3
14.Qd1c2 Be7f6
15.Ra1d1 Ra8b8
16.Bb2a1 b5
17.Bg2f3 b4
18.axb4 cxb4
19.Nc3a4 Bf6xa1
20.Rd1xa1 Bc8b7
21.Na4c5 Nd3xc5
22.Qc2xc5 Qd8xd2
23.Rf1d1 Qd2c3
24.Qc5xc3 bxc3
25.Kg2 Rb8d8
26.Ra1c1 Rd8xd1
27.Rc1xd1 Rf8c8
28.Rd1c1 a5
29.Rc1c2 Bb7a6
30.Rc2c1 Ba6d3
31.h4 f5
32.exf5 exf5
33.Bf3d1 Kf7
34.Bd1c2 Bd3e4
35.f3 Be4xc2
36.Rc1xc2 Ke6
37.Kf2 Kd5
38.Ke3 f4
39.gxf4 Rc8e8
40.Kd3 Re8f8
41.Ke3 Rf8e8
42.Kd3 { draw }
1/2-1/2

[Event "1/64 Finale"]
[Site "www.chess-mail.com"]
[Date "2019.07.24"]
[Round "1"]
[White "Bojan"]
[Black "Osopanda"]
[WhiteElo "2080"]
[BlackElo "1470"]
[Result "0-1"]
[Round "1"]
1.d4 d5
2.Nb1d2 e6
3.a3 Bf8d6
4.e4 dxe4
5.Nd2xe4 Bd6e7
6.Ng1f3 Ng8f6
7.Bf1d3 Nb8d7
8.Bc1e3 O-O
9.Ne4xf6 Nd7xf6
10.h3 b6
11.Nf3h2 c6
12.c3 Bc8b7
13.Nh2g4 Nf6xg4
14.Qd1xg4 Rf8e8
15.Qg4h5 g6
16.Qh5e2 Be7f8
17.O-O-O Bf8g7
18.f3 Ra8c8
19.h4 c5
20.h5 cxd4
21.hxg6 hxg6
22.Be3d2 dxc3
23.bxc3 Bg7xc3
24.Kb1 Bc3xd2
25.Rd1xd2 Qd8f6
26.Rd2b2 Re8d8
27.Qe2e3 Rc8c5
28.Bd3e4 Bb7xe4
29.Qe3xe4 Rd8c8
30.Rh1d1 Kg7
31.Qe4e2 Rc5d5
32.Rd1f1 Rc8d8
33.g3 Qf6f5
34.Ka1 Qf5f6
35.Ka2 Qf6g5
36.Qe2g2 Rd5d2
37.Rf1f2 Qg5d5
38.Ka1 Rd2d1
39.Rb2b1 Qd5d4
40.Ka2 Qd4c4
41.Rb1b3 a5
42.Kb2 Qc4c1
{ resign }
0-1

[Event "Tourn. n10175"]
[Site "www.echecsemail.com"]
[Date "2019.07.25"]
[Round "1"]
[White "Galiany17"]
[Black "Cal"]
[WhiteElo "2179"]
[BlackElo "1700"]
[Result "1-0"]
[Round "1"]
1.e4 e5
2.f4 exf4
3.Ng1f3 d6
4.d4 Bc8g4
5.Bc1xf4 h6
6.Nb1c3 Ng8f6
7.h3 Bg4xf3
8.Qd1xf3 a6
9.e5 dxe5
10.dxe5 Qd8e7
11.Qf3xb7 Nf6d7
12.Nc3d5 Qe7c5
13.Qb7c8 
1-0

[Event "Tourn. n10141"]
[Site "www.echecsemail.com"]
[Date "2019.07.25"]
[Round "1"]
[White "Andychesston"]
[Black "Picifarkinca"]
[WhiteElo "1980"]
[BlackElo "1830"]
[Result "1-0"]
[Round "1"]
1.e4 c5
2.Ng1f3 Qd8c7
3.Nb1c3 Nb8c6
4.Nc3d5 Qc7a5
5.c3 e6
6.b4 cxb4
7.cxb4 Nc6xb4
8.Nd5c3 a6
9.a3 Nb4c6
10.Bf1e2 Ng8f6
11.O-O Bf8e7
12.Bc1b2 O-O
13.d4 d6
14.d5 Nc6e5
15.Nf3xe5 dxe5
16.d6 Be7d8
17.Qd1c2 Bc8d7
18.Ra1d1 Ra8c8
19.Qc2b3 Qa5b6
20.Qb3a2 Rc8xc3
21.Bb2xc3 Nf6xe4
22.Bc3xe5 Bd8f6
23.Be5f4 e5
24.Bf4e3 Qb6d8
25.Rd1c1 Bd7c6
26.Rf1d1 Qd8d7
27.Be3c5 Ne4xc5
28.Rc1xc5 Rf8d8
29.Qa2d2 Kf8
30.h3 Rd8e8
31.Be2g4 Qd7d8
32.d7 Re8e7
33.Rc5xc6 bxc6
34.Qd2b4 g6
35.Qb4b7 { resign }
1-0

[Event "Tourn. n10174"]
[Site "www.echecsemail.com"]
[Date "2019.07.25"]
[Round "1"]
[White "Galiany17"]
[Black "Conde7"]
[WhiteElo "2259"]
[BlackElo "2870"]
[Result "0-1"]
[Round "1"]
1.d4 Ng8f6
2.c4 e6
3.Nb1c3 Bf8b4
4.e3 O-O
5.Bf1d3 d5
6.cxd5 exd5
7.Ng1e2 Rf8e8
8.O-O Bb4d6
9.Nc3b5 Bd6f8
10.Nb5c3 c6
11.Bc1d2 b6
12.Ra1c1 Nb8d7
13.Ne2f4 Bc8b7
14.Qd1f3 b5
15.Qf3h3 g6
16.f3 a6
17.g4 Nd7b6
18.b3 Ra8c8
19.Nc3e2 c5
20.dxc5 Nb6c4
21.bxc4 dxc4
22.c6 Rc8xc6
23.Ne2d4 Rc6d6
24.Bd3xc4 bxc4
25.Rc1xc4 a5
26.Rf1d1 Nf6d7
27.Rc4c2 Nd7e5
28.Nf4e2 Bf8g7
29.Qh3g2 Bg7h6
30.Rd1f1 Ne5d3
31.g5 Bh6xg5
32.Kh1 Bg5xe3
33.Bd2xe3 Re8xe3
34.Nd4f5 Nd3f4
35.Ne2xf4 Re3xf3
36.Rf1g1 Rd6d7
37.Nf5h6 Kf8
38.Nh6xf7 Kxf7
39.Nf4xg6 Qd8f6
40.Ng6f8 Kxf8
41.Qg2g8 Ke7
42.Rc2g2 Rf3f2
43.Rg1e1 Kd6
{ resign }
0-1

[Event "Tourn. n10180"]
[Site "www.echecsemail.com"]
[Date "2019.07.25"]
[Round "1"]
[White "Galiany17"]
[Black "Conde7"]
[WhiteElo "2259"]
[BlackElo "2870"]
[Result "0-1"]
[Round "1"]
1.e4 c5
2.Nb1c3 d6
3.f4 Nb8c6
4.Ng1f3 Ng8f6
5.Bf1b5 Bc8d7
6.O-O e6
7.d4 Nc6xd4
8.Nf3xd4 cxd4
9.Bb5xd7 Qd8xd7
10.Qd1xd4 Bf8e7
11.h3 Qd7c6
12.Bc1e3 O-O
13.Ra1d1 Rf8d8
14.f5 a6
15.fxe6 fxe6
16.Be3g5 Ra8c8
17.Rd1d3 Qc6c5
18.Qd4xc5 Rc8xc5
19.Bg5h4 Rc5c4
20.Rf1e1 b5
21.a3 h6
22.g4 Rd8c8
23.Bh4g3 e5
24.Bg3h4 g5
25.Bh4g3 Kf7
26.Rd3f3 Ke6
27.Re1e3 h5
28.gxh5 Nf6xh5
29.Bg3e1 Be7d8
30.Kf1 Bd8a5
31.Be1d2 Ba5xc3
32.Re3xc3 Nh5f6
33.Rc3xc4 Rc8xc4
34.c3 Nf6xe4
35.Ke1 Ne4xd2
36.Kxd2 Rc4f4
37.Rf3d3 Rf4f2
38.Kc1 e4
39.Rd3d4 Ke5
40.a4 Rf2h2
41.Rd4b4 Rh2xh3
42.axb5 axb5
43.Rb4xb5 Kf4
44.Rb5d5 Rh3d3
{ resign }
0-1

[Event "Tourn. n10169"]
[Site "www.echecsemail.com"]
[Date "2019.07.25"]
[Round "1"]
[White "Libiesse"]
[Black "Jjmcbride"]
[WhiteElo "1890"]
[BlackElo "1670"]
[Result "1-0"]
[Round "1"]
1.Ng1f3 d6
2.d4 h6
3.c4 d5
4.cxd5 Ng8f6
5.Nb1c3 Nf6xd5
6.e3 a6
7.a3 g5
8.Bf1c4  { time }
1-0

[Event "Match"]
[Site "www.echecsemail.com"]
[Date "2019.07.25"]
[Round "1"]
[White "Whitekknight"]
[Black "Kevinking"]
[WhiteElo "1920"]
[BlackElo "1910"]
[Result "0-1"]
[Round "1"]
1.e4 e6
2.d4 d5
3.exd5 exd5
4.Bf1e2 c5
5.Ng1f3 Ng8f6
6.c3 b6
7.Bc1g5 Bf8e7
8.O-O O-O
9.Nf3e5 Bc8b7
10.Nb1d2 Nf6e4
11.Bg5xe7 Qd8xe7
12.Nd2xe4 dxe4
13.Rf1e1 Nb8d7
14.Ne5xd7 Qe7xd7
15.Be2c4 cxd4
16.cxd4 Ra8d8
17.d5 Bb7xd5
18.Bc4xd5 Qd7xd5
19.Qd1xd5 Rd8xd5
20.Re1xe4 Rd5d2
21.b3 Rf8d8
22.Re4e1 Rd2c2
23.g3 g6
24.Kf1 Rd8d2
25.Re1e7 Rd2xf2
26.Ke1 Rf2xh2
27.Kd1 Rc2g2
28.Re7e1 Rg2xg3
{ resign }
0-1

[Event "Tourn. n10140"]
[Site "www.echecsemail.com"]
[Date "2019.07.25"]
[Round "1"]
[White "Passaroa25"]
[Black "Argento"]
[WhiteElo "1730"]
[BlackElo "1799"]
[Result "1/2-1/2"]
[Round "1"]
1.Nb1c3 c5
2.b3 Nb8c6
3.Ng1f3 g6
4.e3 Bf8g7
5.Bc1b2 d5
6.Ra1b1 Ng8f6
7.g3 O-O
8.Bf1g2 b6
9.O-O e5
10.Nc3b5 a6
11.Nb5c3 Bc8b7
12.Qd1c1 Qd8c7
13.a3 Ra8d8
14.Nc3a2 Rf8e8
15.c3 c4
16.b4 Nc6a7
17.Qc1d1 Na7b5
18.a4 Nb5d6
19.Nf3h4 g5
20.Nh4f3 h6
21.Na2c1 Bb7c8
22.a5 b5
23.Nc1e2 Bc8f5
24.Rb1c1 Nf6h7
25.Nf3e1 Bf5e6
26.Ne1c2 f6
27.Nc2e1 Nh7f8
28.Rc1b1 Nf8g6
29.Ne1c2 Ng6e7
30.Nc2e1 Ne7g6
{ draw }
1/2-1/2